Tax aspects of cross-border hybrid instruments

Cross-border (hybridné finančné nástroje), ktoré sú využívané spoločnosťami s inými daňovými režimmi platieb v dvoch jurisdikciách, aby sa dosiahlo nezdanenie týchto platieb. Zhodnotenie daňových dopadov týkajúcich sa hybridných finančných nástrojov.

Guardado en:
Detalles Bibliográficos
Autor principal: Záhumenská, Miroslava
Formato: Capítulo de libro
Lenguaje:inglés
Materias:
Etiquetas: Agregar Etiqueta
Sin Etiquetas, Sea el primero en etiquetar este registro!

MARC

LEADER 00000nla a2200000 4500
001 0199331
005 20240502073355.1
041 0 |a eng 
044 |a SK 
245 1 0 |a Tax aspects of cross-border hybrid instruments  |c Miroslava Záhumenská 
520 |a Cross-border (hybridné finančné nástroje), ktoré sú využívané spoločnosťami s inými daňovými režimmi platieb v dvoch jurisdikciách, aby sa dosiahlo nezdanenie týchto platieb. Zhodnotenie daňových dopadov týkajúcich sa hybridných finančných nástrojov. 
610 2 0 |a dane 
610 2 0 |a zdanenie dvojité 
610 2 0 |a zdaňovanie medzinárodné 
610 2 0 |a politika daňová 
610 2 0 |a systémy daňové 
610 2 0 |a povinnosť daňová 
610 2 0 |a dopad daňový 
100 1 |a Záhumenská, Miroslava